Información general sobre el movimiento cooperativo costarricense

Recoge un estudio del movimiento cooperativo costarricense, desde sus inicios, dándole seguimiento a través del examen de los principales problemas que ha enfrentado. Se analiza la forma en que están constituidas las cooperativas, sus principales logros, su política y sus objetivos primordiales, ent...

وصف كامل

محفوظ في:
التفاصيل البيبلوغرافية
مؤلف مشترك: UCR. FCS. Instituto de Investigaciones Sociales
التنسيق: نص
منشور في: San Pedro de M. de O.: El Instituto
الموضوعات:
الوسوم: إضافة وسم
لا توجد وسوم, كن أول من يضع وسما على هذه التسجيلة!

MARC

LEADER 00000 a a2200000 04500
001 13469
003
040
090 |a 020500  
110 |a UCR. FCS. Instituto de Investigaciones Sociales  
245 |a Información general sobre el movimiento cooperativo costarricense  
260 |a San Pedro de M. de O.:   |b El Instituto  
300 |a 55 p.  
520 |a Recoge un estudio del movimiento cooperativo costarricense, desde sus inicios, dándole seguimiento a través del examen de los principales problemas que ha enfrentado. Se analiza la forma en que están constituidas las cooperativas, sus principales logros, su política y sus objetivos primordiales, entre los que se destacan la expansión del movimiento cooperativo y su integración al desarrollo económico y social de Costa Rica. En el trabajo se analiza el desarrollo agropecuario, la administración de las cooperativas, las cooperativas en sí y la producción de éstas. OBB/mb  
650 |a MOVIMIENTOS COOPERATIVOS  
650 |a DESARROLLO AGROPECUARIO  
650 |a ADMINISTRACION DE EMPRESAS  
650 |a PROBLEMAS SOCIALES  
650 |a POLITICA INDUSTRIAL  
650 |a COMERCIALIZACION COOPERATIVA  
650 |a PRODUCCION  
999 |c 12155  |d 12155